Classic horror movies - Statistics

General Stats
  • This quiz has been taken 112 times
  • The average score is 3 of 6
Answer Stats
Picture Answer % Correct
Dracula
99%
Frankenstein
89%
Werewolf
45%
Creature from the black lagoon
29%
Ghost
15%
Zombie
12%
No matching quizzes found
Score Distribution
Percent of People with Each Score
Percentile by Number Answered
Your Score History
You have not taken this quiz